[Event "XLI MIEDZYNARODOWY MEMORIAL LUDWIKA ZAMENHOFA 2022 - open A"]
[Site "Bialystok"]
[Date "1899-12-30"]
[Round "7.17"]
[White "Lukasiewicz, Krzysztof"]
[Black "Seemann, Jakub"]
[Result "1-0"]
[WhiteTitle "FM"]
[BlackTitle "FM"]
[WhiteElo "2250"]
[BlackElo "2365"]

1. d4 Nf6 2. Bf4 c5 3. e3 Qb6 4. Na3 cxd4 5. exd4 Nd5 6. Bc1 g6 7. Nc4 Qc7 8. Nf3
Bg7 9. Ne3 Nxe3 10. Bxe3 d5 11. c3 Nc6 12. Bd3 Bf5 13. Bxf5 gxf5 14. Qd2 e6 15.
O-O Rg8 16. Rac1 Bf6 17. c4 Rd8 18. b4 dxc4 19. Rxc4 Qd7 20. Kh1 Qd5 21. Qc2 Rg4
22. h3 Re4 23. Rc5 Qd7 24. Nd2 Rh4 25. Nf3 Rh5 26. Ne5 Bxe5 27. dxe5 Nxb4 28.
Qe2 Qd3 29. Qxh5 Qxf1+ 30. Kh2 Nd5 31. Qxh7 f4 32. Bxf4 Qxf2 33. Qg8+ Kd7 34.
Qxf7+ Ne7 35. Rc3 Qe2 36. Qh7 Rg8 37. Bg3 Rg6 38. Rf3 Rg8 39. Rf7 Re8 40. Qb1
Kc8 41. Qb4 1-0

[Event "XLI MIEDZYNARODOWY MEMORIAL LUDWIKA ZAMENHOFA 2022 - open A"]
[Site "Bialystok"]
[Date "1899-12-30"]
[Round "7.18"]
[White "Maj, Pawel"]
[Black "Malisauskas, Vidmantas"]
[Result "1/2-1/2"]
[WhiteTitle "k"]
[BlackTitle "GM"]
[WhiteElo "2203"]
[BlackElo "2364"]

1. c4 c6 2. d4 d5 3. cxd5 cxd5 4. Bf4 Nc6 5. Nc3 Nf6 6. e3 e6 7. Bd3 Bd6 8. Bg5
h6 9. Bh4 Qb6 10. a3 Bd7 11. b4 Ne7 12. Nge2 a5 13. b5 Ne4 14. Bxe4 dxe4 15. Bg3
Bxg3 16. hxg3 f5 17. a4 O-O 18. Qb3 Qd6 19. g4 Qb4 20. Rb1 Qxb3 21. Rxb3 Rfc8
22. Kd2 Rc4 23. Rc1 Rac8 24. Ra3 Kf7 25. Na2 Nd5 26. Rxc4 Rxc4 27. Nac3 Nb4 28.
gxf5 exf5 29. f3 exf3 30. gxf3 g5 31. Ra1 Be6 32. Rh1 Kg7 33. f4 g4 34. Rh5 Kg6
35. Ng3 b6 36. d5 Nxd5 37. Nxd5 Bxd5 38. Rxf5 Bf7 39. e4 Rxa4 40. e5 Ra2+ 41.
Ke1 Ra1+ 42. Kf2 Ra2+ 43. Ke1 Ra1+ 1/2-1/2

[Event "XLI MIEDZYNARODOWY MEMORIAL LUDWIKA ZAMENHOFA 2022 - open A"]
[Site "Bialystok"]
[Date "1899-12-30"]
[Round "7.19"]
[White "Czernek, Tymon"]
[Black "Jarocka, Liwia"]
[Result "0-1"]
[WhiteTitle "FM"]
[BlackTitle "FM"]
[WhiteElo "2302"]
[BlackElo "2143"]

1. e4 e5 2. Nf3 Nc6 3. Bc4 Nf6 4. d3 h6 5. O-O d6 6. c3 g5 7. Re1 Bg7 8. Na3 a6
9. Nc2 Na5 10. Bb3 Nxb3 11. axb3 Be6 12. Ne3 O-O 13. Qc2 Nh5 14. Nd2 Nf4 15. Ndf1
d5 16. Ng3 dxe4 17. dxe4 Qd3 18. Qxd3 Nxd3 19. Rd1 Rfd8 20. c4 c6 21. h4 gxh4
22. Ngf1 Bf8 23. Nf5 Nc5 24. Bxh6 Bxh6 25. Nxh6+ Kg7 26. Nf5+ Bxf5 27. exf5 Nxb3
28. Rxd8 Rxd8 29. Ra3 Nd4 30. Ne3 Kf6 31. Ra5 Rg8 32. b4 Nxf5 33. Nxf5 Kxf5 34.
b5 axb5 35. cxb5 f6 36. Ra7 Rb8 37. b6 Ke6 38. Ra4 Rd8 39. Kh2 c5 40. Rc4 Rc8
41. Kh3 Kd5 42. Rxh4 c4 43. Rh7 Kc6 44. Rf7 c3 45. Rxf6+ Kb5 46. Re6 Rc5 0-1

[Event "XLI MIEDZYNARODOWY MEMORIAL LUDWIKA ZAMENHOFA 2022 - open A"]
[Site "Bialystok"]
[Date "1899-12-30"]
[Round "7.20"]
[White "Chylewski, Patryk"]
[Black "Posaskov, Nikita"]
[Result "0-1"]
[WhiteTitle "IM"]
[BlackTitle "k"]
[WhiteElo "2291"]
[BlackElo "2061"]

1. Nf3 Nf6 2. c4 g6 3. d4 Bg7 4. Nc3 d5 5. cxd5 Nxd5 6. e4 Nxc3 7. bxc3 c5 8. Bb5+
Nc6 9. O-O O-O 10. Bxc6 bxc6 11. Be3 cxd4 12. cxd4 Bg4 13. Rc1 Qd7 14. h3 Bh5
15. Kh1 f5 16. exf5 gxf5 17. Ne5 Bxd1 18. Nxd7 Rfd8 19. Nc5 Bh5 20. Ne6 Rdc8 21.
Nxg7 Kxg7 22. Bg5 Bf7 23. a3 Bd5 24. Bxe7 Rab8 25. Bd6 Rb3 26. f3 a5 27. Rfe1
Kf6 28. Rc2 Rg8 29. Re7 Rd8 30. Bc5 h5 31. Rce2 Rb1+ 32. Kh2 Rdb8 33. Rh7 R8b2
34. Rxb2 Rxb2 35. Kg3 f4+ 36. Kxf4 Rxg2 37. Rh6+ Kg7 38. Rxh5 Kg6 39. Rh4 Rf2
40. Rg4+ Kf6 41. Rg3 Rh2 42. Kg4 Be6+ 43. Kh4 Rh1 44. a4 Ra1 45. Bd6 Bf5 46. Be5+
Ke6 47. f4 Rxa4 48. Kg5 Ra2 49. h4 a4 50. Rc3 Rg2+ 51. Kh6 Rg6+ 52. Kh7 Kf7 53.
d5 Re6+ 0-1

[Event "XLI MIEDZYNARODOWY MEMORIAL LUDWIKA ZAMENHOFA 2022 - open A"]
[Site "Bialystok"]
[Date "1899-12-30"]
[Round "7.21"]
[White "Paszewski, Mateusz"]
[Black "Golecki, Jan"]
[Result "1/2-1/2"]
[WhiteTitle "FM"]
[BlackTitle "k"]
[WhiteElo "2282"]
[BlackElo "2152"]

1. Nf3 d5 2. g3 g6 3. Bg2 Bg7 4. d4 Nf6 5. O-O c6 6. c4 O-O 7. Ne5 Nbd7 8. Nc3
Nxe5 9. dxe5 Ne4 10. Nxe4 dxe4 11. Bxe4 Bh3 12. Bg2 Bxg2 13. Kxg2 Bxe5 14. Bh6
Qxd1 15. Raxd1 Rfd8 16. b3 b5 17. cxb5 cxb5 18. Rxd8+ Rxd8 19. Rc1 f6 20. Be3
a5 21. Rc5 Rb8 22. a4 bxa4 23. bxa4 Rb2 24. Kf3 Rb3 25. Rxa5 Bd4 26. g4 Kf7 27.
h4 h5 28. gxh5 gxh5 29. Rxh5 Bxe3 30. fxe3 Rb4 31. a5 Kg6 32. Rd5 Rxh4 33. Rd4
Rh3+ 34. Kf2 Rh2+ 35. Kf3 Rh3+ 36. Ke4 Rh1 37. Rd7 Rh4+ 38. Kf3 Ra4 39. Ra7 Kf5
40. a6 e6 41. Ra8 Ra3 42. Ra7 Ra4 43. Ra8 Ra3 44. Ra7 Ke5 45. Ke4+ 1/2-1/2

[Event "XLI MIEDZYNARODOWY MEMORIAL LUDWIKA ZAMENHOFA 2022 - open A"]
[Site "Bialystok"]
[Date "1899-12-30"]
[Round "7.22"]
[White "Rudzinska, Michalina"]
[Black "Sowinski, Pawel"]
[Result "0-1"]
[WhiteTitle "WFM"]
[BlackTitle "k"]
[WhiteElo "2256"]
[BlackElo "2064"]

1. e4 e5 2. Nf3 Nf6 3. Nxe5 d6 4. Nc4 Nxe4 5. Qe2 Qe7 6. Ne3 c6 7. b3 Nf6 8. Bb2
Nbd7 9. g3 h5 10. Bg2 g6 11. h3 Bg7 12. O-O O-O 13. d4 Nd5 14. Nd2 Nxe3 15. fxe3
d5 16. e4 dxe4 17. Qxe4 Qg5 18. Qe1 Nf6 19. Nf3 Qf5 20. Ne5 Qe6 21. Qf2 Nd7 22.
Nc4 Nb6 23. Rae1 Qf5 24. Nd6 Qxf2+ 25. Rxf2 f5 26. Re7 Rb8 27. Rfe2 Bd7 28. c4
Rfd8 29. Rxg7+ Kxg7 30. d5+ Kg8 31. Re7 cxd5 32. c5 Bc6 33. Rg7+ Kf8 34. Rf7+
Kg8 35. Rg7+ Kf8 36. Rxg6 Nd7 37. Bf3 Nxc5 38. Bxh5 Rxd6 39. Rxd6 Ne4 40. Be5
Rc8 41. Rh6 Ke7 42. g4 Bb5 43. Bf4 fxg4 44. hxg4 Rf8 45. Be3 Rf3 46. Rh7+ Ke6
47. Rh6+ Ke5 48. Bxa7 d4 49. Bf7 Rxf7 50. Rh5+ Kf4 51. Rxb5 Rd7 52. Rf5+ Kxg4
53. Rf8 d3 54. Be3 d2 55. Bxd2 Nxd2 56. Kf2 Re7 57. b4 Ne4+ 58. Ke3 Nc3+ 59. Kd4
Nxa2 60. Kc5 Nc3 61. b5 Rc7+ 62. Kb6 Rd7 63. Rf1 Kg5 64. Rf3 Nd5+ 65. Ka7 b6+
66. Ka6 Rd6 67. Kb7 Rf6 68. Rd3 Rf7+ 69. Kc8 Rf5 70. Kb7 Kf6 71. Rd1 Ke5 72. Rc1
Kd4 73. Ka6 Rf3 74. Kb7 Rc3 75. Rd1+ Kc5 76. Rb1 Rc4 77. Ka6 Nb4+ 0-1

[Event "XLI MIEDZYNARODOWY MEMORIAL LUDWIKA ZAMENHOFA 2022 - open A"]
[Site "Bialystok"]
[Date "1899-12-30"]
[Round "7.23"]
[White "Janeczko, Jakub"]
[Black "Psyk, Radoslaw"]
[Result "0-1"]
[WhiteTitle "I++"]
[BlackTitle "k++"]
[WhiteElo "2247"]
[BlackElo "2438"]

1. e4 Nf6 2. e5 Nd5 3. Nc3 c6 4. Qf3 Nxc3 5. dxc3 d5 6. Bd3 Nd7 7. e6 Ne5 8. exf7+
Nxf7 9. c4 e5 10. Ne2 e4 11. Qe3 Be7 0-1

[Event "XLI MIEDZYNARODOWY MEMORIAL LUDWIKA ZAMENHOFA 2022 - open A"]
[Site "Bialystok"]
[Date "1899-12-30"]
[Round "7.24"]
[White "Risteski, Emil"]
[Black "Backiel, Hubert"]
[Result "1-0"]
[WhiteTitle "FM"]
[BlackTitle "k"]
[WhiteElo "2373"]
[BlackElo "2208"]

1. c4 Nf6 2. Nc3 e6 3. e4 c5 4. Nf3 Nc6 5. d4 cxd4 6. Nxd4 Bb4 7. Nxc6 bxc6 8.
Bd3 d5 9. exd5 Bxc3+ 10. bxc3 cxd5 11. Ba3 dxc4 12. Bxc4 Qxd1+ 13. Rxd1 Bd7 14.
Ba6 Rb8 15. O-O Rb6 16. Rb1 Kd8 17. Rxb6 axb6 18. Rd1 Kc7 19. Bd6+ Kc6 20. Be5
Rd8 21. c4 Ng4 22. Bb5+ Kb7 23. Bxg7 Kc8 24. Rxd7 1-0

[Event "XLI MIEDZYNARODOWY MEMORIAL LUDWIKA ZAMENHOFA 2022 - open A"]
[Site "Bialystok"]
[Date "1899-12-30"]
[Round "7.25"]
[White "Zalega, Maciej"]
[Black "Krzywda, Andrzej"]
[Result "1/2-1/2"]
[WhiteTitle "I++"]
[BlackTitle "CM"]
[WhiteElo "2116"]
[BlackElo "2262"]

1. e4 c6 2. d4 d5 3. Nc3 dxe4 4. Nxe4 Bf5 5. Ng3 Bg6 6. Nh3 Nf6 7. Nf4 e5 8. dxe5
Qa5+ 9. c3 Qxe5+ 10. Be2 Nbd7 11. O-O O-O-O 12. Qa4 Bc5 13. Nxg6 hxg6 14. Bf4
Rh4 15. Bxe5 Rxa4 16. Bxf6 1/2-1/2

[Event "XLI MIEDZYNARODOWY MEMORIAL LUDWIKA ZAMENHOFA 2022 - open A"]
[Site "Bialystok"]
[Date "1899-12-30"]
[Round "7.27"]
[White "Mihov, Filip"]
[Black "Wikar, Martyna"]
[Result "1-0"]
[WhiteTitle "k"]
[BlackTitle "WFM"]
[WhiteElo "2247"]
[BlackElo "2185"]

1. d4 Nf6 2. c4 e6 3. g3 d5 4. Nf3 Bb4+ 5. Bd2 Be7 6. Bg2 O-O 7. O-O c6 8. Qc2
Nbd7 9. Rd1 Ne4 10. Be1 f5 11. Nbd2 Qe8 12. Nxe4 fxe4 13. Nd2 Qh5 14. f3 Nf6 15.
Nf1 Qf7 16. Nd2 c5 17. cxd5 exd5 18. dxc5 Bf5 19. Nb3 Rac8 20. Qd2 exf3 21. exf3
Bxc5+ 22. Nxc5 Rxc5 23. Rac1 Rfc8 24. Rxc5 Rxc5 25. Qd4 b6 26. Bc3 h6 27. Re1
Rc4 28. Qe5 Qd7 29. Bf1 Rc8 30. Qf4 Re8 31. Rd1 Rf8 32. Qd2 Be6 33. Bg2 Qf7 34.
a3 Rd8 35. Qf4 Ne8 36. Qe5 Nf6 37. Qd4 Re8 38. Bf1 Bd7 39. Bd3 Qh5 40. Qf4 Rf8
41. Bb4 Re8 42. g4 Qe5 43. Qxe5 Rxe5 44. Kf2 Kf7 45. Rc1 a5 46. Bc3 Re8 47. Bd4
Rb8 48. Rc7 Ke8 49. h4 Kd8 50. Ra7 Ne8 51. h5 a4 52. Bg6 Nf6 53. Ke3 b5 54. Be5
Rc8 55. Bxf6+ gxf6 56. Rxd7+ 1-0

[Event "XLI MIEDZYNARODOWY MEMORIAL LUDWIKA ZAMENHOFA 2022 - open A"]
[Site "Bialystok"]
[Date "1899-12-30"]
[Round "7.28"]
[White "Kubicka, Anna"]
[Black "Paprocki, Jaroslaw"]
[Result "1/2-1/2"]
[WhiteTitle "WIM"]
[BlackTitle "k++"]
[WhiteElo "2217"]
[BlackElo "2158"]

1. e4 e5 2. Nc3 g6 3. g3 Nf6 4. Bg2 Bg7 5. Nge2 c5 6. O-O d6 7. f4 Nc6 8. d3 Nd4
9. h3 exf4 10. Nxf4 O-O 11. Be3 Be6 12. Nce2 Nd7 13. c3 Nxe2+ 14. Qxe2 Rc8 15.
Nxe6 fxe6 16. h4 Qe7 17. Bh3 h5 18. Bg5 Bf6 19. Qe3 Rce8 20. Bxf6 Rxf6 21. Rxf6
Qxf6 22. Rf1 Qg7 23. d4 Kh7 24. Rf2 cxd4 25. cxd4 Re7 26. Qg5 e5 27. d5 Nc5 28.
Bg2 Rf7 29. Rxf7 Qxf7 30. b4 Na6 31. a3 Kg7 32. Qd8 Qc7 33. Qe8 Qf7 34. Qa8 Qc7
35. Qxa7 Nb8 36. Bh3 Nd7 37. Bxd7 Qxd7 38. Kf2 Qc7 39. Qe3 Qc2+ 40. Qe2 Qb3 41.
Qf3 Qc2+ 42. Kg1 Qc1+ 43. Kh2 Qc2+ 44. Kh3 b5 45. g4 hxg4+ 46. Kxg4 Qh2 47. Qf1
Qc2 48. Qh1 Qd2 49. Qf3 Qh2 50. Qf1 Qc2 51. Qf3 Qh2 1/2-1/2

[Event "XLI MIEDZYNARODOWY MEMORIAL LUDWIKA ZAMENHOFA 2022 - open A"]
[Site "Bialystok"]
[Date "1899-12-30"]
[Round "7.29"]
[White "Kaczmarek, Arkadiusz"]
[Black "Jarzebowski, Kacper"]
[Result "0-1"]
[WhiteTitle "I++"]
[BlackTitle "k+"]
[WhiteElo "2141"]
[BlackElo "2086"]

1. d4 Nf6 2. Nf3 g6 3. c4 Bg7 4. e3 O-O 5. Be2 d6 6. Nc3 Nbd7 7. O-O e5 8. Qc2
Re8 9. Rd1 e4 10. Nd2 Qe7 11. b4 h5 12. a4 Nf8 13. Ba3 N8h7 14. b5 Bf5 15. a5
Ng5 16. Qb3 Qe6 17. Nd5 Rac8 18. Nf4 Qd7 19. Rdc1 Bg4 20. Bf1 c5 21. bxc6 bxc6
22. Rab1 Ne6 23. Nxe6 fxe6 24. a6 e5 25. dxe5 dxe5 26. c5+ Be6 27. Qc2 Rf8 28.
Nxe4 Nxe4 29. Qxe4 Qf7 30. Qc2 Rc7 31. Bc4 Kh7 32. Bxe6 Qxe6 33. Rd1 e4 34. Rd6
Qf5 35. Bb2 Rb8 36. Bxg7 Qxc5 37. Qxe4 Qxd6 38. Bc3 Rxb1+ 39. Qxb1 Rd7 40. f4
Qd1+ 41. Qxd1 Rxd1+ 42. Kf2 c5 43. Be5 Rd2+ 44. Kf3 Ra2 0-1

[Event "XLI MIEDZYNARODOWY MEMORIAL LUDWIKA ZAMENHOFA 2022 - open A"]
[Site "Bialystok"]
[Date "1899-12-30"]
[Round "7.30"]
[White "Greicius, Pijus"]
[Black "Dzhuguryan, Tygran"]
[Result "1-0"]
[WhiteTitle "k"]
[BlackTitle "k+"]
[WhiteElo "2076"]
[BlackElo "2134"]

1. d4 Nf6 2. c4 e6 3. Nc3 Bb4 4. e3 O-O 5. Bd3 c5 6. a3 cxd4 7. axb4 dxc3 8. bxc3
d5 9. Ne2 Nc6 10. O-O b6 11. cxd5 exd5 12. Ba3 Ne5 13. Nd4 Re8 14. Rc1 Qc7 15.
h3 a6 16. b5 a5 17. Qe2 Nc4 18. Bxc4 dxc4 19. Nc6 Bb7 20. Qxc4 Re4 21. Qd3 Bxc6
22. bxc6 Qxc6 23. Rfd1 Rc8 24. c4 h6 25. c5 b5 26. Bb2 Re6 27. Qa3 a4 28. Rd6
Qe4 29. Bd4 Ne8 30. Rb6 Rxb6 31. cxb6 b4 32. Qa1 Rc6 33. Qb1 Rxc1+ 34. Qxc1 Kh7
35. f3 Qa8 36. Qb1+ f5 37. Qxb4 Qb7 38. Qxa4 Nd6 39. Qa7 Kg6 40. Be5 1-0

[Event "XLI MIEDZYNARODOWY MEMORIAL LUDWIKA ZAMENHOFA 2022 - open A"]
[Site "Bialystok"]
[Date "1899-12-30"]
[Round "7.31"]
[White "Dwilewicz, Katarzyna"]
[Black "Baginskaite, Kamile"]
[Result "1/2-1/2"]
[WhiteTitle "WFM"]
[BlackTitle "WGM"]
[WhiteElo "2123"]
[BlackElo "2117"]

1. e4 e6 2. d4 d5 3. Nd2 c5 4. exd5 exd5 5. Ngf3 Nc6 6. Bb5 Qe7+ 7. Be2 Qc7 8.
O-O Nf6 9. Re1 Be6 10. Bd3 c4 11. Bf5 Nd8 12. Ng5 Bd6 13. Nxe6 Nxe6 14. Bxe6 fxe6
15. Rxe6+ Kd7 16. Re1 Bxh2+ 17. Kh1 Rae8 18. Rxe8 Rxe8 19. Nf1 Bd6 20. Bg5 Ne4
21. Qg4+ Kc6 22. Kg1 Qf7 23. Be3 h5 24. Qf3 Qg6 25. b3 c3 26. a4 a6 27. Rb1 Bb4
28. Rd1 Qg4 29. Nh2 Qg6 30. Nf1 Qg4 31. Nh2 Qg6 32. Nf1 Qg4 33. Nh2 1/2-1/2

[Event "XLI MIEDZYNARODOWY MEMORIAL LUDWIKA ZAMENHOFA 2022 - open A"]
[Site "Bialystok"]
[Date "1899-12-30"]
[Round "7.32"]
[White "Raczek, Krzysztof"]
[Black "Smolka, Marcin"]
[Result "0-1"]
[WhiteTitle "k"]
[BlackTitle "CM"]
[WhiteElo "2161"]
[BlackElo "2217"]

1. c4 e6 2. Nc3 d5 3. e3 c6 4. Nf3 Nf6 5. b3 Bd6 6. Bb2 Nbd7 7. Qc2 O-O 8. Be2
e5 9. cxd5 Nxd5 10. O-O Nxc3 11. dxc3 Qe7 12. e4 f5 13. Nd2 Nc5 14. Bd3 f4 15.
Be2 Ne6 16. b4 Rf6 17. Rfd1 Bd7 18. Nf3 Rh6 19. Rxd6 Qxd6 20. Rd1 Qc7 21. c4 Nd4
22. Nxd4 exd4 23. Bf3 Be6 24. Bxd4 Qf7 25. Rc1 a5 26. a3 axb4 27. axb4 Ra3 28.
Qe2 Qe7 29. Bc3 Qh4 30. h3 Bxh3 31. gxh3 Rxc3 32. Rxc3 Qxh3 33. Bh5 Qxc3 34. Qd1
Qxb4 35. e5 Qe7 36. Kf1 Qh4 37. Bf7+ Kxf7 38. Qd7+ Qe7 39. Qf5+ Kg8 40. Qc8+ Qf8
41. Qxb7 f3 42. Kg1 Qd8 43. e6 Qd1# 0-1

[Event "XLI MIEDZYNARODOWY MEMORIAL LUDWIKA ZAMENHOFA 2022 - open A"]
[Site "Bialystok"]
[Date "1899-12-30"]
[Round "7.33"]
[White "Daniel, Damian"]
[Black "Wojdak, Jan"]
[Result "1/2-1/2"]
[WhiteTitle "CM"]
[BlackTitle "k"]
[WhiteElo "2169"]
[BlackElo "2115"]

1. d4 d5 2. Nf3 Nf6 3. g3 e6 4. Bg2 Bd6 5. O-O O-O 6. Bf4 Nc6 7. c3 Ne4 8. Nbd2
f5 9. Ne5 Qf6 10. Nd3 g5 11. Bxd6 cxd6 12. e3 Bd7 13. Rc1 b5 14. f3 Nxd2 15. Qxd2
Qg6 16. f4 g4 17. b3 Rac8 18. c4 bxc4 19. bxc4 dxc4 20. Rxc4 Ne7 21. Rfc1 Rxc4
22. Rxc4 Rc8 23. Rxc8+ Nxc8 24. Qa5 Qe8 25. Qc7 Bb5 26. Nb4 Qd7 27. Qb8 d5 28.
Bf1 Bxf1 29. Kxf1 Kg7 30. Nd3 Nb6 31. Kf2 Qa4 32. Qe5+ Kf7 33. Qc7+ Ke8 34. Qb8+
Ke7 35. Qc7+ 1/2-1/2

[Event "XLI MIEDZYNARODOWY MEMORIAL LUDWIKA ZAMENHOFA 2022 - open A"]
[Site "Bialystok"]
[Date "1899-12-30"]
[Round "7.34"]
[White "Lach, Aleksandra"]
[Black "Rozycki, Bartlomiej"]
[Result "1/2-1/2"]
[WhiteTitle "WIM"]
[BlackTitle "k++"]
[WhiteElo "2191"]
[BlackElo "2196"]

1. d4 Nf6 2. Nf3 e6 3. Bf4 d5 4. e3 Bd6 5. Bg3 c5 6. c3 Nc6 7. Nbd2 Bxg3 8. hxg3
Qd6 9. Bb5 Bd7 10. Bxc6 Bxc6 11. Ne5 h6 12. g4 Rf8 13. Nxc6 Qxc6 14. dxc5 Qxc5
15. Qa4+ Qc6 16. Qd4 Qb6 17. Qa4+ Qc6 18. Qd4 Qb6 19. Qa4+ Qc6 1/2-1/2

[Event "XLI MIEDZYNARODOWY MEMORIAL LUDWIKA ZAMENHOFA 2022 - open A"]
[Site "Bialystok"]
[Date "1899-12-30"]
[Round "8.1"]
[White "Teclaf, Pawel"]
[Black "Baum, Jonasz"]
[Result "1/2-1/2"]
[WhiteTitle "IM"]
[BlackTitle "IM"]
[WhiteElo "2555"]
[BlackElo "2420"]

1. c4 e5 2. g3 c6 3. Nf3 e4 4. Nd4 d5 5. cxd5 Qxd5 6. e3 Bc5 7. Nc3 Qe5 8. d3 exd3
9. Qxd3 Nf6 10. Bg2 O-O 11. O-O Rd8 12. Nf3 Rxd3 13. Nxe5 Rd8 14. b3 Be6 15. Bb2
Na6 16. Rac1 Bd6 17. Nf3 1/2-1/2

[Event "XLI MIEDZYNARODOWY MEMORIAL LUDWIKA ZAMENHOFA 2022 - open A"]
[Site "Bialystok"]
[Date "1899-12-30"]
[Round "8.2"]
[White "Bernadskiy, Vitaliy"]
[Black "Gumularz, Szymon"]
[Result "1/2-1/2"]
[WhiteTitle "GM"]
[BlackTitle "GM"]
[WhiteElo "2617"]
[BlackElo "2561"]

1. e4 e6 2. d4 d5 3. Nc3 Nf6 4. Bg5 dxe4 5. Nxe4 Be7 6. Bxf6 gxf6 7. Nf3 f5 8.
Ned2 c5 9. Bb5+ Bd7 10. Qe2 Bxb5 11. Qxb5+ Qd7 12. a4 cxd4 13. Nxd4 O-O 14. N2f3
Bf6 15. Rd1 Qxb5 16. axb5 1/2-1/2

[Event "XLI MIEDZYNARODOWY MEMORIAL LUDWIKA ZAMENHOFA 2022 - open A"]
[Site "Bialystok"]
[Date "1899-12-30"]
[Round "8.3"]
[White "Azarov, Sergei"]
[Black "Janik, Igor"]
[Result "1/2-1/2"]
[WhiteTitle "GM"]
[BlackTitle "GM"]
[WhiteElo "2562"]
[BlackElo "2536"]

1. e4 e5 2. Nf3 Nc6 3. d4 exd4 4. Bc4 Nf6 5. e5 d5 6. Bb5 Nd7 7. O-O Be7 8. Bxc6
bxc6 9. Nxd4 Nb8 10. Qf3 O-O 11. Nc3 f6 12. e6 Bc5 13. Be3 Bxd4 14. Bxd4 Bxe6
15. Rfe1 Re8 16. Na4 Nd7 1/2-1/2

[Event "XLI MIEDZYNARODOWY MEMORIAL LUDWIKA ZAMENHOFA 2022 - open A"]
[Site "Bialystok"]
[Date "1899-12-30"]
[Round "8.4"]
[White "Dvirnyy, Danyyil"]
[Black "Kosakowski, Jakub"]
[Result "1/2-1/2"]
[WhiteTitle "GM"]
[BlackTitle "IM"]
[WhiteElo "2530"]
[BlackElo "2475"]

1. e4 c5 2. Nf3 d6 3. Bb5+ Bd7 4. c4 Nf6 5. Nc3 g6 6. O-O Bg7 7. d4 cxd4 8. Nxd4
O-O 9. h3 a6 10. Bxd7 Nbxd7 11. b3 Rc8 12. Bb2 e6 13. Re1 Qa5 14. Qd2 Rfd8 15.
Rad1 Qh5 16. Nf3 Ne8 17. Ne2 Bxb2 18. Qxb2 b5 19. cxb5 axb5 20. Nf4 Qc5 21. Nd3
Qb6 22. e5 dxe5 1/2-1/2

[Event "XLI MIEDZYNARODOWY MEMORIAL LUDWIKA ZAMENHOFA 2022 - open A"]
[Site "Bialystok"]
[Date "1899-12-30"]
[Round "8.5"]
[White "Krzyzanowski, Marcin"]
[Black "Godzwon, Iwo"]
[Result "1/2-1/2"]
[WhiteTitle "GM"]
[BlackTitle "FM"]
[WhiteElo "2538"]
[BlackElo "2391"]

1. e4 c5 2. Nf3 Nc6 3. Bb5 Nf6 4. Nc3 Qc7 5. a4 Nd4 6. d3 a6 7. Bc4 e6 8. h3 Be7
9. O-O O-O 10. Ba2 d6 11. Nxd4 cxd4 12. Ne2 e5 13. c3 dxc3 14. Nxc3 Be6 15. Bg5
h6 16. Bxf6 Bxf6 17. Nd5 Bxd5 18. Bxd5 Bg5 19. g3 Rab8 20. h4 Bd8 21. a5 b6 22.
axb6 Qxb6 23. b3 a5 24. Rc1 Qa7 25. Qh5 Qe7 26. Kg2 Bb6 27. g4 Kh7 28. g5 f6 29.
gxh6 g6 30. Qg4 f5 31. Qg5 Qxg5+ 32. hxg5 fxe4 33. dxe4 Rbc8 34. Rxc8 Rxc8 35.
f4 Be3 36. fxe5 dxe5 37. Rf7+ Kh8 38. Rf6 Bxg5 39. Rxg6 Bd2 40. Ra6 Rf8 41. Re6
Kh7 42. Rxe5 Kxh6 43. Re6+ Kg5 44. Kg3 Be1+ 45. Kg2 Bb4 46. Ra6 Bc3 47. Rc6 Bb4
48. Rc7 Rf6 49. Rb7 Bc3 50. Rb5 Kf4 51. Kf2 Rb6 52. Rxb6 Bd4+ 53. Ke2 Bxb6 54.
Kd3 Ke5 55. Kc4 Bf2 56. Kb5 Be1 1/2-1/2

[Event "XLI MIEDZYNARODOWY MEMORIAL LUDWIKA ZAMENHOFA 2022 - open A"]
[Site "Bialystok"]
[Date "1899-12-30"]
[Round "8.6"]
[White "Markowski, Tomasz"]
[Black "Kowalski, Igor"]
[Result "1-0"]
[WhiteTitle "GM"]
[BlackTitle "IM"]
[WhiteElo "2519"]
[BlackElo "2344"]

1. d4 d5 2. Nf3 Nf6 3. c4 c6 4. cxd5 cxd5 5. Nc3 Nc6 6. Bf4 a6 7. Rc1 Nh5 8. Bd2
Nf6 9. h3 e6 10. e3 Bd6 11. Bd3 e5 12. dxe5 Nxe5 13. Nxe5 Bxe5 14. f4 Bb8 15.
g4 d4 16. Qa4+ Bd7 17. Qxd4 O-O 18. Ne4 Nxe4 19. Qxe4 Qh4+ 20. Ke2 Bc6 21. Rxc6
bxc6 22. Bb4 Rc8 23. Be7 Qh6 24. Bg5 Qg6 25. Qc4 Qe6 26. Qxe6 fxe6 27. Bc4 Re8
28. f5 h6 29. Bh4 Be5 30. b3 g5 31. Be1 Kg7 32. Bxe6 a5 33. a4 Red8 34. Bd2 h5
35. Rc1 hxg4 36. hxg4 Rh8 37. Rxc6 Rh2+ 38. Kd3 Bb2 39. e4 Rah8 40. Bxg5 R8h3+
41. Kc4 Rc2+ 42. Kb5 Rxc6 43. Kxc6 Rg3 44. Bd8 Re3 45. Bd5 1-0

[Event "XLI MIEDZYNARODOWY MEMORIAL LUDWIKA ZAMENHOFA 2022 - open A"]
[Site "Bialystok"]
[Date "1899-12-30"]
[Round "8.7"]
[White "Sliwicka, Alicja"]
[Black "Klimkowski, Jan"]
[Result "0-1"]
[WhiteTitle "WIM"]
[BlackTitle "FM"]
[WhiteElo "2284"]
[BlackElo "2447"]

1. e4 c5 2. Nf3 d6 3. d4 cxd4 4. Nxd4 Nf6 5. Nc3 a6 6. h3 e5 7. Nb3 Be6 8. f4 Nbd7
9. g4 Rc8 10. f5 Bxb3 11. axb3 Rxc3 12. bxc3 Nxe4 13. h4 Be7 14. g5 Ng3 15. Rh3
Nxf5 16. Qf3 g6 17. Qxb7 O-O 18. b4 Nb8 19. Bc4 d5 20. Qxd5 Qc8 21. Rf3 Nd6 22.
Bf1 e4 23. Rh3 Rd8 24. Bb2 Qg4 25. c4 Nf5 26. Qb7 e3 27. Qg2 Qf4 28. Bc3 Nc6 29.
Qh2 Qe4 30. Bd3 Rxd3 31. cxd3 Qxd3 32. Rc1 Nfd4 33. c5 f5 34. gxf6 Bxf6 35. Qa2+
Kg7 36. h5 g5 37. h6+ Kf8 38. Bxd4 Nxd4 39. Qg2 Nb3 40. Qa8+ Kf7 41. Qb7+ Kg6
42. Qf3 Qd2+ 43. Kf1 Qxc1+ 44. Kg2 Qd2+ 45. Kh1 Qe1+ 46. Kg2 Qd2+ 47. Kh1 Qc1+
48. Kg2 Qc2+ 49. Kh1 Nd4 50. Qxe3 Qb1+ 51. Kg2 Qa2+ 52. Kf1 Qb1+ 53. Kg2 Qa2+
54. Kf1 Qc4+ 55. Kf2 Qc2+ 56. Kf1 Qd1+ 57. Kf2 Kf7 58. Rg3 Qc2+ 59. Kf1 Qb1+ 60.
Kg2 Qc2+ 61. Kh3 Qf5+ 62. Kg2 Ne6 63. Qb3 Qe4+ 64. Kf1 Qh1+ 65. Rg1 Qe4 66. Rg3
Kf8 67. Qd3 Qf4+ 68. Kg2 Qxb4 69. Qd6+ Kf7 70. Rf3 Qxc5 71. Qd7+ Qe7 72. Qd5 Kf8
73. Qa8+ Kf7 74. Qd5 Qc7 75. Rb3 Qe5 76. Rb7+ Kg6 77. Qd3+ Kh5 78. Qh3+ Kg6 79.
Qd3+ Qf5 80. Qxf5+ Kxf5 81. Rxh7 Kg6 82. Ra7 Kxh6 83. Rxa6 Nf4+ 84. Kf3 Kg6 85.
Kg4 Nd3 86. Ra8 Ne5+ 87. Kg3 Be7 88. Ra6+ Kf5 89. Ra1 Bb4 90. Rf1+ Ke4 91. Rb1
Bd2 92. Rb7 Bf4+ 93. Kg2 Kf5 94. Kh3 Ke4 95. Kg2 Bd2 96. Ra7 Kf5 97. Kh3 g4+ 98.
Kg2 Ng6 99. Rf7+ Kg5 100. Rg7 Bc3 101. Rg8 Be5 102. Kg1 Kf5 103. Kg2 Nh4+ 104.
Kf2 Kf4 105. Rf8+ Nf5 106. Kg1 Bd6 107. Rf7 g3 108. Kg2 Kg4 109. Kh1 Nh4 110.
Rg7+ Kh3 111. Kg1 Bc5+ 112. Kh1 Bd6 113. Kg1 Be5 114. Rg8 Nf3+ 115. Kh1 Nh4 116.
Kg1 Bf4 117. Rg7 Bg5 118. Kf1 g2+ 119. Kf2 Nf3 120. Rh7+ Bh4+ 121. Rxh4+ Nxh4
0-1

[Event "XLI MIEDZYNARODOWY MEMORIAL LUDWIKA ZAMENHOFA 2022 - open A"]
[Site "Bialystok"]
[Date "1899-12-30"]
[Round "8.8"]
[White "Bogdanov, Egor"]
[Black "Licznerski, Lukasz"]
[Result "0-1"]
[WhiteTitle "IM"]
[BlackTitle "IM"]
[WhiteElo "2381"]
[BlackElo "2441"]

1. e4 c6 2. d4 d5 3. Nc3 dxe4 4. Nxe4 h6 5. Bc4 Bf5 6. Ng3 Bh7 7. Nf3 e6 8. Qe2
Nd7 9. O-O Ngf6 10. Re1 Be7 11. Bxe6 fxe6 12. Qxe6 Bxc2 13. Nh4 Nf8 14. Qe2 Ng6
15. Nf3 Ba4 16. Nf5 Bb5 17. Qe6 Qd5 18. Nd6+ Kf8 19. Nh4 Nxh4 20. Qxe7+ Kg8 21.
f3 Kh7 22. Bxh6 Kxh6 23. Re5 Qxd4+ 24. Kh1 Rhe8 25. Nf7+ Kh7 26. Ng5+ Kh8 27.
Qxb7 Rxe5 28. Nf7+ Kg8 29. Nxe5 Rd8 30. Qf7+ Kh7 0-1

[Event "XLI MIEDZYNARODOWY MEMORIAL LUDWIKA ZAMENHOFA 2022 - open A"]
[Site "Bialystok"]
[Date "1899-12-30"]
[Round "8.10"]
[White "Nasuta, Grzegorz"]
[Black "Chomczyk, Marek"]
[Result "1-0"]
[WhiteTitle "GM"]
[BlackTitle "k++"]
[WhiteElo "2546"]
[BlackElo "2327"]

1. e4 e5 2. Nf3 Nf6 3. Nxe5 Nxe4 4. Qe2 Qe7 5. Qxe4 d6 6. d4 dxe5 7. dxe5 Nc6 8.
Nc3 Qxe5 9. Qxe5+ Nxe5 10. Nb5 Bb4+ 11. Bd2 Bxd2+ 12. Kxd2 Kd8 13. Re1 Nd7 14.
Bc4 Rf8 15. h4 Nb6 16. Bd3 Bd7 17. h5 c6 18. Nd4 g6 19. Nf3 Nd5 20. Ng5 gxh5 21.
Rxh5 f6 22. Nxh7 Rf7 23. Ng5 fxg5 24. Rh8+ Kc7 25. Rxa8 Rxf2+ 26. Re2 Rf6 27.
Rg8 g4 28. Rg7 b5 29. Ke1 Rf4 30. Rf2 Kd6 31. Rxf4 Nxf4 32. Kf2 a5 33. Be2 Bf5
34. g3 Ne6 35. Rg8 Bxc2 36. Bxg4 Nc5 37. Ke3 b4 38. Bf3 Bb1 39. Rc8 Na4 40. Rxc6+
Kd7 41. Rc1 1-0